Sports Quiz

Random Sports or Hockey Quiz

NHL 1970s Kings Team Leaders Quiz Stats

 Plays Quiz not verified by Sporcle

Challenge
Share
Tweet
Embed
Score 0/44 Timer 03:00
0 Plays Today
Stat Player % Correct
GoalsMarcel Dionne
97.8%
GoalsMarcel Dionne
97.8%
GoalsMarcel Dionne
97.8%
PointsMarcel Dionne
97.8%
PointsMarcel Dionne
97.8%
PointsMarcel Dionne
97.8%
PointsMarcel Dionne
97.8%
PointsMarcel Dionne
97.8%
WinsRogie Vachon
94.2%
WinsRogie Vachon
94.2%
WinsRogie Vachon
94.2%
WinsRogie Vachon
94.2%
WinsRogie Vachon
94.2%
WinsRogie Vachon
94.2%
GoalsCharlie Simmer
87.6%
GoalsButch Goring
67.9%
GoalsButch Goring
67.9%
PointsButch Goring
67.9%
GoalsJuha Widing
59.9%
PointsJuha Widing
59.9%
PointsJuha Widing
59.9%
PointsJuha Widing
59.9%
Stat Player % Correct
WinsMario Lessard
56.2%
WinsMario Lessard
56.2%
GoalsBob Nevin
41.6%
PointsBob Nevin
41.6%
PIMsDave Schultz
38.7%
WinsGary Edwards
37.2%
PIMsMike Corrigan and Terry Harper
36.5%
GoalsMike Corrigan
35.8%
PIMsMike Corrigan
35.8%
PIMsMike Corrigan
35.8%
PIMsRandy Holt
35%
WinsGerry Desjardins
33.6%
WinsDenis DeJordy
30.7%
PointsRoss Lonsberry
28.5%
PIMsRoss Lonsberry
28.5%
PIMsBert Wilson
26.3%
PIMsDan Maloney
25.5%
PIMsJay Wells
24.1%
PIMsDave Hutchison
19.7%
GoalsEddie Shack
18.2%
GoalsMike Byers
13.9%
PIMsGilles Marotte
13.9%

You're not logged in!

Compare scores with friends on all Sporcle quizzes.
OR
Log In

You Might Also Like...

Show Comments

Extras

Top Quizzes Today


Score Distribution

Your Account Isn't Verified!

In order to create a playlist on Sporcle, you need to verify the email address you used during registration. Go to your Sporcle Settings to finish the process.

Report this User

Report this user for behavior that violates our Community Guidelines.

Details: